000 01118nam a2200289Ia 4500
003 OSt
005 20221005110057.0
006 a|||||r|||| 00| 0
007 ta
008 221004b |||||||| |||| 00| 0 urd d
020 _a8126005076 (hbk)
_c500
024 _a93090
037 _b525, 19/03/2009, Vani Prakashan
_cTextual
040 _aCRL
_cCRL
_burd
041 _2urd
_aurd
082 _aO168,3N23x, 152P8
100 _aरामलाल
245 0 _aपखेरू
246 _aPakherū
260 _aनई दिल्ली
_bसाहित्य अकादेमी भारत
_c2008
300 _a204पृ0
_ccm.
490 _aसाहित्य अकादेमी द्वारा पुरस्कृत उर्दू कहानी - संग्रह
650 _aउर्दू साहित्य
700 _a मशहदी, ज़किया, अनु.
942 _hO168,3N23x, 152P8
_cTEXL
_2cc
999 _c1017717
_d1017717